عرض عادي
عرض مارك
- King Abdullah University of Science and Technology,
مدخل إسم هيئة
001 - رقم الضبط
- حقل الضبط: 114529
003 - معرف رقم الضبط
- حقل الضبط: OSt
005 - تاريخ ووقت أخر عملية
- حقل الضبط: 20221218105617.0
008 - عناصر بيانات ثابتة الطول
- حقل تحكم ثابت الطول: 221218|| aca||aabn | a|a d
040 ## - مصدر الفهرسة
- هيئة الفهرسة الأصلية: OSt
- وكالة الكتابة: OSt
110 ## - مدخل -- أسم شخص
- اسم الهيئه او اسم السلطه كعنصر مدخل: King Abdullah University of Science and Technology,
670 ## - بيانات المصدر موجوده
- الاستشهاد بالمصدر: Work cat.: (OSt)0: Saudi Students Conference 2015 : Imperial College London) 114522, Proceedings of the Eighth Saudi Students Conference in the UK /, 2016
